Devinez l'État Américain Mystère #42 - Statistiques

Statistiques générales
  • Ce quiz a été pris 162 fois
  • Le résultat moyen est 36 sur 40
Statistiques - réponses
Type de Réponse Réponse % Correct
Lettre Trouvée A
100%
Lettre Trouvée I
100%
Lettre Trouvée N
100%
Lettre Trouvée O
99%
Lettre Trouvée E
98%
Lettre Trouvée L
98%
Lettre Trouvée R
98%
Lettre Trouvée C
96%
Lettre Trouvée S
96%
Lettre de l'Alphabet T
95%
Lettre de l'Alphabet K
94%
Lettre Trouvée D
93%
Lettre de l'Alphabet F
93%
Lettre de l'Alphabet G
93%
Lettre de l'Alphabet M
93%
Lettre Trouvée U
92%
Lettre de l'Alphabet W
92%
Lettre de l'Alphabet H
91%
Lettre de l'Alphabet V
90%
Lettre de l'Alphabet X
90%
Lettre de l'Alphabet Y
89%
Lettre de l'Alphabet B
87%
Lettre de l'Alphabet P
87%
Lettre de l'Alphabet Z
87%
Lettre de l'Alphabet J
86%
Lettre de l'Alphabet Q
86%
Lettre Bien Placée A
84%
Lettre Bien Placée C
84%
État Mystère Caroline du Sud
84%
Lettre Bien Placée D
84%
Lettre Bien Placée D
84%
Lettre Bien Placée E
84%
Lettre Bien Placée I
84%
Lettre Bien Placée L
84%
Lettre Bien Placée N
84%
Lettre Bien Placée O
84%
Lettre Bien Placée R
84%
Lettre Bien Placée S
84%
Lettre Bien Placée U
84%
Lettre Bien Placée U
84%
Aucun quiz correspondant
Distribution des résultats
% des personnes avec chaque résultat
Percentile par nombre de réponses
Votre historique - résultats
Vous n’avez pas pris ce quiz